Catalog

Record Details

Catalog Search



Pražské židovské pověsti a legendy  Cover Image Book Book

Pražské židovské pověsti a legendy / V.V. Tomek

Record details

  • ISBN: 978-80-7390-092-2
  • Physical Description: 129 s. ; 21 cm
  • Publisher: Praha : Dobrovský, 2013
Subject: Židé > Česko
Jews > Czechia
Praha (Česko)
Prague (Czechia)
Genre: židovské pověsti
Jewish legends

Available copies

  • 1 of 1 copy available at Common Catalog SPOK.

Holds

  • 0 current holds with 1 total copy.
Show Only Available Copies
Location Call Number / Copy Notes Barcode Shelving Location Status Due Date
The Jewish community of Prague K 3030 4638300410 K - Beletrie Available -

LDR 01203cam a2200385 a 4500
00152556
003CZ-PrJAB
00520170407152207.0
007ta
008131210s2013 xr g 000 f cze d
015 . ‡acnb002537469
020 . ‡a978-80-7390-092-2 ‡q(váz.)
035 . ‡a(CZ PrNK)nkc20142537469
035 . ‡a(OCoLC)870289624
040 . ‡aKLG001 ‡bcze ‡dOLA001 ‡dABA001
043 . ‡ae-xr--- ‡be-xr-pg ‡2czenas
072 7. ‡a821 ‡xLiteratura v různých jazycích ‡2Konspekt ‡925
080 . ‡a821(=411.16)-34 ‡2MRF
080 . ‡a(=411.16) ‡2MRF
080 . ‡a(437.311) ‡2MRF
080 . ‡a(0:82-34) ‡2MRF
1001 . ‡aTomek, Vratislav Václav, ‡d1868-1933 ‡7jk01132710 ‡4aut
24510. ‡aPražské židovské pověsti a legendy / ‡cV.V. Tomek
260 . ‡aPraha : ‡bDobrovský, ‡c2013
300 . ‡a129 s. ; ‡c21 cm
4901 . ‡aOmega
65007. ‡aŽidé ‡7ph127782 ‡zČesko ‡2czenas
65009. ‡aJews ‡zCzechia ‡2eczenas
651 7. ‡aPraha (Česko) ‡7ge118011 ‡2czenas
651 9. ‡aPrague (Czechia) ‡2eczenas
655 7. ‡ažidovské pověsti ‡7fd201458 ‡2czenas
655 9. ‡aJewish legends ‡2eczenas
830 0. ‡aOmega (Dobrovský)
910 . ‡aABE461
995 . ‡aska
901 . ‡a52556 ‡bAUTOGEN ‡c52556 ‡tbiblio

Additional Resources